Famous Animals by Picture - Statistics

General Stats
  • This quiz has been taken 49 times
  • The average score is 13 of 16
Answer Stats
Picture Answer % Correct
Dumbo
100%
Mickey Mouse
100%
Winnie the Pooh
100%
Bambi
96%
Pluto
93%
Scooby Doo
93%
Bugs Bunny
91%
Sonic the Hedgehog
91%
Hello Kitty
89%
Peppa Pig
87%
Simba
87%
Patrick Star
83%
Baloo
70%
Abu
43%
Flounder
43%
Sven
41%
No matching quizzes found
Score Distribution
Percent of People with Each Score
Percentile by Number Answered
Your Score History
You have not taken this quiz